Geographie_Quiz - Statistiken

Allgemein
  • Dieses Quiz wurde 81 mal gespielt
  • Das Durchschnittsergebnis liegt bei 8 aus 13
Antwortstatistiken
Hint Antwort % Korrekt
In welchem Südamerikanischen Land ist die Amtssprache Portugiesisch? Brasilien
97%
Welches Land hat die meisten Zeitzonen? Frankreich
74%
Welches Land ist das flächenmäßig größte, dass vollständig in der südlichen Hemisphäre liegt? Australien
71%
Welches Land hat die längste Küstenlinie der Welt? Kanada
71%
Welches ist das größte Binnenland? Kasachstan
71%
Welches Land hat die meisten Inseln weltweit? Schweden
69%
Zu welchem Land hat Frankreich die Längste Staatsgrenze? Brasilien
68%
Welches Land hat die längste Landesgrenze der Welt zu einem Staat? Kanada
64%
Welcher Staat weist die höchste Bevölkerungsdichte weltweit auf? Monaco
61%
Welches Land ist das südlichste weltweit? Chile
58%
Welches Land hat die höchste durchschnittliche Höhe? Bhutan
47%
In welchem Land werden die meisten Sprachen gesprochen? Papua-Neuguinea
35%
Welches Land ist das einzige der Welt, dessen gesamte Staatsfläche über 1.000 Meter Seehöhe liegt? Lesotho
26%
Keine übereinstimmenden Quizze gefunden
Verteilung der Resultate
Anzahl Personen mit jedem Resultat
Perzentil nach korrekt beantworteten Fragen
Ihre Resultats-Entwicklung
Sie haben dieses Quiz noch nicht gespielt